Làm giàu từ mạng xã hội = Profiting from social networking

Cung cấp những kiến thức nền tảng về mạng xã hội giúp bạn hiểu rõ hơn những xu hướng trong tương lai và khuyến khích bạn suy nghĩ một cách chiến lược về cách thức tốt nhất để thúc đẩy sức mạnh của mạng xã hội nhằm củng cố, nâng...

Full beskrivning

Sparad:
Bibliografiska uppgifter
Huvudupphovsman: Rutledge, Patrice-Anne
Övriga upphovsmän: Ngô Lan Hương (Dịch)
Materialtyp: Bok
Språk:Vietnamese
Publicerad: H. Lao động - Xã hội 2014
Serie:The truth about = Những sự thật về
Ämnen:
Taggar: Lägg till en tagg
Inga taggar, Lägg till första taggen!
Thư viện lưu trữ: Thư viện Trường Đại học Nam Cần Thơ
LEADER 01348nam a22002177a 4500
001 NCT_4_013115
008 240927b xxu||||| |||| 00| 0 vie d
999 |c 8619  |d 8619 
020 |a 9786046500971  |c 75000 
082 0 4 |2 23rd ed.  |a 303  |b R981 
100 1 |a Rutledge, Patrice-Anne 
245 1 0 |a Làm giàu từ mạng xã hội  |b = Profiting from social networking  |c Patrice-Anne Rutledge ; Ngô Lan Hương (dịch) 
260 |a H.  |b Lao động - Xã hội   |c 2014 
300 |a 291 tr.  |c 21 cm 
490 |a The truth about = Những sự thật về 
520 3 |a Cung cấp những kiến thức nền tảng về mạng xã hội giúp bạn hiểu rõ hơn những xu hướng trong tương lai và khuyến khích bạn suy nghĩ một cách chiến lược về cách thức tốt nhất để thúc đẩy sức mạnh của mạng xã hội nhằm củng cố, nâng cao công việc, động cơ, mục tiêu và cuộc sống của bạn. 
653 |a Sách tham khảo 
700 0 |a Ngô Lan Hương  |e Dịch 
942 |2 ddc  |c BK 
952 |0 0  |1 0  |2 ddc  |4 0  |6 303_000000000000000_R981  |7 0  |9 29540  |a 000001  |b 000001  |d 2024-09-27  |o 303 R981  |p TK.04675  |r 2024-09-27  |v 75000.00  |w 2024-09-27  |y BK 
980 |a Thư viện Trường Đại học Nam Cần Thơ